[Event "CHN-RUS Summit (Women) 1st"]
[Site "Shanghai"]
[Date "2001.09.12"]
[Round "6"]
[White "Wang, Lei"]
[Black "Stepovaia, Tatiana"]
[Result "1-0"]
[WhiteElo "2509"]
[BlackElo "2451"]
[PlyCount "78"]
[EventDate "2001.09.07"]
[EventType "schev"]
[EventRounds "6"]
[EventCountry "CHN"]
[SourceTitle "EXT 2002"]
[Source "ChessBase"]
[SourceDate "2001.11.25"]
[SourceVersion "1"]
[SourceVersionDate "2001.11.25"]
[SourceQuality "1"]

1. d4 d5 2. c4 e6 3. Nc3 c6 4. Nf3 dxc4 5. a4 Bb4 6. e3 b5 7. Bd2 Bb7 8. axb5 Bxc3 9. Bxc3 cxb5 10. b3 a5 11. d5 Nf6 12. bxc4 b4 13. Bxf6 Qxf6 14. Qa4+ Nd7 15. Nd4 e5 16. Nb3 Ke7 17. Be2 Qd6 18. f4 Rhc8 19. 0-0 e4 20. Nxa5 Qb6 21. d6+ Ke8 22. Qb5 Qxe3+ 23. Kh1 Qxe2 24. Nxb7 Rxa1 25. Rxa1 f6 26. Na5 Qb2 27. Rg1 Qd4 28. Qh5+ Kf8 29. Qxh7 Kf7 30. Qh5+ Kg8 31. Qg4 Qa7 32. Qe6+ Kh8 33. Nb3 Rf8 34. Qxe4 Qa3 35. Qd3 f5 36. c5 Nf6 37. h3 Ne4 38. Kh2 Qb2 39. d7 Kh7 1-0

[Event "CHN-RUS Summit (Women) 1st"]
[Site "Shanghai"]
[Date "2001.09.08"]
[Round "2"]
[White "Wang, Lei"]
[Black "Zimina, Olga"]
[Result "1-0"]
[WhiteElo "2509"]
[BlackElo "2312"]
[PlyCount "71"]
[EventDate "2001.09.07"]
[EventType "schev"]
[EventRounds "6"]
[EventCountry "CHN"]
[SourceTitle "EXT 2002"]
[Source "ChessBase"]
[SourceDate "2001.11.25"]
[SourceVersion "1"]
[SourceVersionDate "2001.11.25"]
[SourceQuality "1"]

1. d4 d5 2. c4 c6 3. Nc3 Nf6 4. cxd5 cxd5 5. Bf4 Nc6 6. e3 a6 7. Bd3 Bg4 8. Nge2 e6 9. 0-0 Bd6 10. f3 Bh5 11. Rc1 0-0 12. Na4 e5 13. dxe5 Nxe5 14. Bg5 h6 15. Bh4 b5 16. Nac3 Qb6 17. Nd4 Ned7 18. Bf5 g5 19. Bf2 Rad8 20. Nce2 Ne5 21. Ng3 Nc4 22. Nxh5 Nxh5 23. b3 Na5 24. Bb1 Ng7 25. Qd3 f5 26. g4 Be5 27. Nxf5 Nxf5 28. gxf5 Qf6 29. f4 Bb8 30. Be1 Nb7 31. Bc3 Qf7 32. Qd4 Qh7 33. f6 Qf7 34. fxg5 hxg5 35. Qg4 Kh8 36. Rf3 1-0

[Event "SUFE Cup 2nd"]
[Site "Shanghai"]
[Date "2001.06.02"]
[Round "8"]
[White "Zhukova, Natalia"]
[Black "Wang, Lei"]
[Result "0-1"]
[WhiteElo "2463"]
[BlackElo "2498"]
[PlyCount "116"]
[EventDate "2001.05.31"]
[EventType "schev (rapid)"]
[EventRounds "12"]
[EventCountry "CHN"]
[SourceTitle "CBM 082 Extra"]
[Source "ChessBase"]
[SourceDate "2001.07.03"]
[SourceVersion "1"]
[SourceVersionDate "2001.07.03"]
[SourceQuality "1"]

1. d4 d5 2. c4 c6 3. Nc3 Nf6 4. e3 e6 5. Nf3 Nbd7 6. Bd3 dxc4 7. Bxc4 b5 8. Bd3 Bb7 9. 0-0 b4 10. Ne4 Be7 11. a3 a5 12. Nxf6+ Nxf6 13. e4 0-0 14. e5 Nd7 15. Qc2 h6 16. Be4 Qb8 17. Be3 c5 18. dxc5 Nxc5 19. Bxc5 Bxe4 20. Qxe4 Bxc5 21. a4 Rd8 22. Rac1 Qb6 23. b3 Rd5 24. g4 Rad8 25. g5 hxg5 26. Nxg5 Kf8 27. Rc4 Bd4 28. Qf4 f5 29. Nf3 Kg8 30. Kg2 Qb7 31. Kg1 Qb6 32. h4 Bc5 33. h5 Bf8 34. Kg2 Rd3 35. Rfc1 Rxb3 36. Rc6 Qb7 37. Qc4 Rbd3 38. Qxe6+ Qf7 39. Qxf7+ Kxf7 40. Ng5+ Kg8 41. Rc8 Be7 42. Ne6 Rxc8 43. Rxc8+ Kf7 44. Nf4 Rd4 45. Ng6 Rd7 46. Rc6 Rb7 47. e6+ Kf6 48. Nf4 Ke5 49. Nd3+ Kd4 50. Nb2 b3 51. Kf3 Bf6 52. Rc8 Kd5 53. Nc4 b2 54. Nxb2 Bxb2 55. Ra8 Bc3 56. Ra6 Ke5 57. Rc6 Bb4 58. Ke3 Re7 0-1

[Event "SUFE Cup 2nd"]
[Site "Shanghai"]
[Date "2001.06.01"]
[Round "5"]
[White "Wang, Lei"]
[Black "Zhukova, Natalia"]
[Result "1/2-1/2"]
[WhiteElo "2498"]
[BlackElo "2463"]
[PlyCount "73"]
[EventDate "2001.05.31"]
[EventType "schev (rapid)"]
[EventRounds "12"]
[EventCountry "CHN"]
[SourceTitle "CBM 082 Extra"]
[Source "ChessBase"]
[SourceDate "2001.07.03"]
[SourceVersion "1"]
[SourceVersionDate "2001.07.03"]
[SourceQuality "1"]

1. d4 d5 2. c4 c6 3. Nc3 Nf6 4. cxd5 cxd5 5. Bf4 Nc6 6. Nf3 Ne4 7. e3 Nxc3 8. bxc3 g6 9. Be2 Bg7 10. 0-0 0-0 11. c4 dxc4 12. Bxc4 Bf5 13. Qe2 Rc8 14. Rfd1 a6 15. h3 Nb4 16. Be5 Bc2 17. Rdc1 b5 18. Bxg7 Kxg7 19. a3 Rxc4 20. axb4 Qc8 21. Ne5 Rc3 22. Qd2 f6 23. Ra2 fxe5 24. Raxc2 Rxc2 25. Rxc2 Qd7 26. dxe5 Qxd2 27. Rxd2 Rc8 28. Rd7 Kf7 29. Ra7 Rc1+ 30. Kh2 Ra1 31. Kg3 Ra3 32. Kf4 Ke6 33. Kg3 Rb3 34. Rxa6+ Kxe5 35. Ra7 Kf6 36. Rb7 Rxb4 37. f4 1/2-1/2

[Event "SUFE Cup 2nd"]
[Site "Shanghai"]
[Date "2001.05.31"]
[Round "1"]
[White "Wang, Lei"]
[Black "Gaprindashvili, Nona"]
[Result "1-0"]
[WhiteElo "2498"]
[BlackElo "2381"]
[PlyCount "73"]
[EventDate "2001.05.31"]
[EventType "schev (rapid)"]
[EventRounds "12"]
[EventCountry "CHN"]
[SourceTitle "CBM 082 Extra"]
[Source "ChessBase"]
[SourceDate "2001.07.03"]
[SourceVersion "1"]
[SourceVersionDate "2001.07.03"]
[SourceQuality "1"]

1. d4 d5 2. c4 e6 3. Nc3 Nf6 4. Nf3 Be7 5. Bf4 0-0 6. e3 c5 7. dxc5 Bxc5 8. a3 Nc6 9. Qc2 Qa5 10. Nd2 Bb4 11. Rc1 Bxc3 12. Qxc3 Qxc3 13. Rxc3 e5 14. Bg5 d4 15. Rc1 dxe3 16. fxe3 Ng4 17. h3 h6 18. hxg4 hxg5 19. Be2 Nd8 20. Ne4 f6 21. c5 Be6 22. Nd6 g6 23. Kf2 Kg7 24. Rh2 f5 25. Rch1 fxg4+ 26. Kg3 Nf7 27. Rh7+ Kf6 28. Rf1+ Ke7 29. Nxf7 Rxf7 30. Rfxf7+ Bxf7 31. Bc4 Rf8 32. Kxg4 Kf6 33. Rxf7+ Rxf7 34. Bxf7 Kxf7 35. Kxg5 Kg7 36. b4 Kf7 37. e4 1-0

[Event "CHN-chT (Women)"]
[Site "Suzhou"]
[Date "2001.04.04"]
[Round "9"]
[White "Wang, Lei"]
[Black "Wang, Yu A"]
[Result "0-1"]
[WhiteElo "2473"]
[BlackElo "2426"]
[PlyCount "68"]
[EventDate "2001.03.02"]
[EventType "team"]
[EventRounds "10"]
[EventCountry "CHN"]
[SourceTitle "EXT 2002"]
[Source "ChessBase"]
[SourceDate "2001.11.25"]
[SourceVersion "1"]
[SourceVersionDate "2001.11.25"]
[SourceQuality "1"]

1. d4 Nf6 2. c4 c5 3. d5 b5 4. cxb5 a6 5. e3 g6 6. Nc3 Bg7 7. d6 0-0 8. Nf3 Bb7 9. a4 axb5 10. Bxb5 Nc6 11. 0-0 Qb8 12. e4 exd6 13. Bg5 Nd4 14. Nxd4 cxd4 15. Bxf6 Bxf6 16. Nd5 Be5 17. f4 Bg7 18. f5 Bxd5 19. exd5 Qa7 20. Kh1 Rfe8 21. Qd2 Re5 22. f6 Bf8 23. b4 Rxd5 24. Bc4 Rh5 25. Qa2 d5 26. Bxd5 Bd6 27. h3 Rf8 28. Qc4 Qb6 29. b5 Bb8 30. Bxf7+ Kh8 31. Rf3 Qd6 32. Kg1 Qh2+ 33. Kf2 Rg5 34. Rg1 Bg3+ 0-1

[Event "CHN-chT (Women)"]
[Site "Suzhou"]
[Date "2001.03.31"]
[Round "6"]
[White "Xu, Yuhua"]
[Black "Wang, Lei"]
[Result "1/2-1/2"]
[WhiteElo "2500"]
[BlackElo "2473"]
[PlyCount "92"]
[EventDate "2001.03.02"]
[EventType "team"]
[EventRounds "10"]
[EventCountry "CHN"]
[SourceTitle "EXT 2002"]
[Source "ChessBase"]
[SourceDate "2001.11.25"]
[SourceVersion "1"]
[SourceVersionDate "2001.11.25"]
[SourceQuality "1"]

1. e4 c5 2. Nf3 Nc6 3. Bb5 d6 4. 0-0 Bd7 5. Re1 Nf6 6. c3 a6 7. Bf1 Bg4 8. d3 e6 9. Nbd2 Be7 10. h3 Bh5 11. g4 Bg6 12. Nh4 Nd7 13. Nxg6 hxg6 14. Nf3 Nde5 15. Be3 Nxf3+ 16. Qxf3 e5 17. Qd1 Bg5 18. Bg2 Bxe3 19. fxe3 Qd7 20. d4 cxd4 21. exd4 Qc7 22. Re2 0-0 23. Rd2 Rad8 24. h4 g5 25. h5 Rfe8 26. Qf3 f6 27. Qf1 Ne7 28. Re1 Kf7 29. Bf3 Ng8 30. Bd1 Nh6 31. Qf3 Kf8 32. Bb3 Qc8 33. Rg2 d5 34. Bxd5 exd4 35. c4 Qc5 36. Rf1 b6 37. Kh1 a5 38. Rd2 Nf7 39. Qf5 Re5 40. Qg6 Rexd5 41. cxd5 Qc4 42. Rdf2 Qd3 43. h6 Qh3+ 44. Kg1 Qg3+ 45. Kh1 Qh3+ 46. Kg1 Qg3+ 1/2-1/2

[Event "CHN-chT (Women)"]
[Site "Suzhou"]
[Date "2001.03.27"]
[Round "2"]
[White "Guo, Jun"]
[Black "Wang, Lei"]
[Result "1/2-1/2"]
[WhiteElo "2268"]
[BlackElo "2473"]
[PlyCount "73"]
[EventDate "2001.03.02"]
[EventType "team"]
[EventRounds "10"]
[EventCountry "CHN"]
[SourceTitle "EXT 2002"]
[Source "ChessBase"]
[SourceDate "2001.11.25"]
[SourceVersion "1"]
[SourceVersionDate "2001.11.25"]
[SourceQuality "1"]

1. e4 c5 2. Nf3 Nc6 3. d4 cxd4 4. Nxd4 Nf6 5. Nc3 d6 6. Be2 e5 7. Nb3 Be7 8. 0-0 0-0 9. Kh1 a5 10. a4 Nb4 11. f4 Be6 12. f5 Bd7 13. Bg5 Bc6 14. Bxf6 Bxf6 15. Nd5 b6 16. Bc4 Nxd5 17. Bxd5 Qd7 18. Nd2 Rab8 19. c3 b5 20. axb5 Bxd5 21. exd5 Rxb5 22. Ne4 Rxb2 23. Rxa5 Rfb8 24. h3 Be7 25. f6 gxf6 26. Qf3 Rb1 27. Nxf6+ Bxf6 28. Qxf6 Rxf1+ 29. Qxf1 Qe7 30. Qf2 Qg5 31. Ra4 f5 32. Qa7 Rf8 33. Qd7 Qh6 34. Ra6 Qc1+ 35. Kh2 Qf4+ 36. Kg1 Qc1+ 37. Kh2 1/2-1/2

[Event "USA-CHN Summit"]
[Site "Seattle"]
[Date "2001.03.18"]
[Round "4.7"]
[White "Krush, Irina"]
[Black "Wang, Lei"]
[Result "1/2-1/2"]
[WhiteElo "2380"]
[BlackElo "2473"]
[PlyCount "71"]
[EventDate "2001.03.14"]
[EventType "team"]
[EventRounds "4"]
[EventCountry "USA"]
[SourceTitle "CBM 082"]
[Source "ChessBase"]
[SourceDate "2001.05.17"]
[SourceVersion "1"]
[SourceVersionDate "2001.05.17"]
[SourceQuality "1"]
[WhiteTeam "United States"]
[BlackTeam "China"]
[WhiteTeamCountry "USA"]
[BlackTeamCountry "CHN"]

1. e4 c5 2. Nf3 Nc6 3. d4 cxd4 4. Nxd4 Nf6 5. Nc3 e5 6. Ndb5 d6 7. Bg5 a6 8. Na3 b5 9. Nd5 Be7 10. Bxf6 Bxf6 11. c3 0-0 12. Nc2 Bg5 13. Be2 Rb8 14. 0-0 a5 15. b4 Be6 16. a4 bxa4 17. Rxa4 axb4 18. cxb4 Ne7 19. Bc4 Nxd5 20. Bxd5 Qc7 21. Bxe6 fxe6 22. Na3 Rf4 23. Qd3 Be7 24. g3 Rf6 25. b5 Qb7 26. Qe3 Bd8 27. Ra7 Qb6 28. Ra6 Qxe3 29. fxe3 Rxf1+ 30. Kxf1 Bb6 31. Nc4 Bc5 32. Nxd6 Bxd6 33. Rxd6 Rxb5 34. Rxe6 Kf7 35. Ra6 Rb4 36. Kf2 1/2-1/2

[Event "USA-CHN Summit"]
[Site "Seattle"]
[Date "2001.03.16"]
[Round "3.7"]
[White "Wang, Lei"]
[Black "Krush, Irina"]
[Result "1-0"]
[WhiteElo "2473"]
[BlackElo "2380"]
[PlyCount "93"]
[EventDate "2001.03.14"]
[EventType "team"]
[EventRounds "4"]
[EventCountry "USA"]
[SourceTitle "CBM 082"]
[Source "ChessBase"]
[SourceDate "2001.05.17"]
[SourceVersion "1"]
[SourceVersionDate "2001.05.17"]
[SourceQuality "1"]
[WhiteTeam "China"]
[BlackTeam "United States"]
[WhiteTeamCountry "CHN"]
[BlackTeamCountry "USA"]

1. d4 d5 2. c4 c6 3. Nf3 Nf6 4. Nc3 a6 5. cxd5 cxd5 6. Bf4 e6 7. e3 Be7 8. Bd3 b5 9. 0-0 Bb7 10. a4 b4 11. Nb1 Nc6 12. Nbd2 Rc8 13. Qe2 Qb6 14. Nb3 Na5 15. Nxa5 Qxa5 16. Nd2 0-0 17. Nb3 Qb6 18. a5 Qa7 19. Rfc1 Rxc1+ 20. Rxc1 Rc8 21. Rc7 Rxc7 22. Bxc7 Nd7 23. h4 Qa8 24. h5 Qc8 25. Qc2 h6 26. f3 f5 27. Be5 Qxc2 28. Bxc2 Nxe5 29. dxe5 Kf7 30. Bd3 Ke8 31. Kf2 Kd7 32. f4 Kc7 33. Nd4 Kd7 34. Be2 Bc5 35. g4 fxg4 36. Bxg4 Bxd4 37. exd4 Bc8 38. Ke3 Kc6 39. Be2 Kb7 40. Kd2 Bd7 41. Kc1 Be8 42. Kb1 Bd7 43. Ka2 Ba4 44. Bg4 Kc6 45. Bxe6 Bd1 46. Bf7 Kb5 47. e6 1-0

[Event "World-ch (Women) k.o."]
[Site "New Delhi"]
[Date "2000.11.27"]
[Round "1.1"]
[White "Wang, Lei"]
[Black "Stjazhkina, Olga"]
[Result "1-0"]
[WhiteElo "2498"]
[BlackElo "2337"]
[PlyCount "117"]
[EventDate "2000.11.27"]
[EventType "k.o."]
[EventRounds "6"]
[EventCountry "IND"]
[SourceTitle "CBM 079 Extra"]
[Source "ChessBase"]
[SourceDate "2001.01.11"]
[SourceVersion "2"]
[SourceVersionDate "2001.01.25"]
[SourceQuality "1"]

1. d4 d6 2. c4 e5 3. Nf3 e4 4. Ng5 f5 5. g3 h6 6. Nh3 g5 7. Bg2 Bg7 8. f3 Nf6 9. 0-0 0-0 10. Nc3 exf3 11. exf3 Nc6 12. f4 g4 13. Nf2 h5 14. d5 Ne7 15. Qd3 h4 16. Bd2 Bd7 17. Rad1 Qe8 18. Nb5 Bxb5 19. cxb5 h3 20. Bh1 Qf7 21. Ba5 Ne8 22. Rd2 Rc8 23. Re1 Bf6 24. Nd1 Ng7 25. Ne3 Rfe8 26. Kf1 Qh5 27. Rc2 b6 28. Bb4 Ng6 29. Rec1 Nxf4 30. gxf4 Qg6 31. Be1 Re7 32. Bg3 Rce8 33. Re1 Qh5 34. Rce2 Qg6 35. b3 Qh5 36. Nc2 Rxe2 37. Rxe2 Rf8 38. Nd4 Bxd4 39. Qxd4 Rf7 40. Be1 Qh6 41. Re6 Nxe6 42. dxe6 Rh7 43. Bc3 Re7 44. Qe3 Kf8 45. Bd5 Rh7 46. Bd4 Ke7 47. Qc1 Kd8 48. Bf2 Qf6 49. Qc6 Qa1+ 50. Ke2 Qb2+ 51. Ke3 Qf6 52. Kd3 Qh6 53. Qa8+ Ke7 54. Qc8 Qxf4 55. Qd7+ Kf6 56. Bd4+ Qxd4+ 57. Kxd4 Rxd7 58. exd7 Ke7 59. Ke3 1-0

[Event "Olympiad Women-34"]
[Site "Istanbul"]
[Date "2000.11.05"]
[Round "8.3"]
[White "Wang, Lei"]
[Black "Le, Kieu Thien Kim"]
[Result "1-0"]
[WhiteElo "2498"]
[BlackElo "2331"]
[PlyCount "57"]
[EventDate "2000.10.28"]
[EventType "team-swiss"]
[EventRounds "14"]
[EventCountry "TUR"]
[SourceTitle "EXT 2001"]
[Source "ChessBase"]
[SourceDate "2000.11.22"]
[SourceVersion "1"]
[SourceVersionDate "2000.11.22"]
[SourceQuality "1"]
[WhiteTeam "China (W)"]
[BlackTeam "Vietnam (W)"]
[WhiteTeamCountry "CHN"]
[BlackTeamCountry "VIE"]

1. d4 d5 2. c4 c6 3. Nc3 Nf6 4. Nf3 dxc4 5. a4 Bf5 6. Ne5 e6 7. f3 Bb4 8. e4 Nxe4 9. fxe4 Qh4+ 10. Ke2 Bxc3 11. bxc3 Bxe4 12. Be3 c5 13. Qe1 Qe7 14. Kf2 f6 15. Nxc4 e5 16. dxc5 0-0 17. Nd6 Bc6 18. Qd2 Nd7 19. Bc4+ Kh8 20. Nf5 Qe8 21. Bd5 Bxd5 22. Qxd5 Rd8 23. Rhd1 Qg6 24. Qf3 e4 25. Qxe4 Rfe8 26. Qf4 Ne5 27. Rxd8 Rxd8 28. Kg1 Qh5 29. Bd4 1-0

[Event "Olympiad Women-34"]
[Site "Istanbul"]
[Date "2000.10.29"]
[Round "2.3"]
[White "Timon Piote, Silvia"]
[Black "Wang, Lei"]
[Result "0-1"]
[WhiteElo "2248"]
[BlackElo "2498"]
[PlyCount "66"]
[EventDate "2000.10.28"]
[EventType "team-swiss"]
[EventRounds "14"]
[EventCountry "TUR"]
[SourceTitle "EXT 2001"]
[Source "ChessBase"]
[SourceDate "2000.11.22"]
[SourceVersion "1"]
[SourceVersionDate "2000.11.22"]
[SourceQuality "1"]
[WhiteTeam "Spain (W)"]
[BlackTeam "China (W)"]
[WhiteTeamCountry "ESP"]
[BlackTeamCountry "CHN"]

1. d4 d5 2. c4 e6 3. Nf3 c6 4. Qc2 dxc4 5. Qxc4 b5 6. Qc2 Bb7 7. e4 Nd7 8. Bg5 Qb6 9. Nc3 Ngf6 10. Bd3 h6 11. Bxf6 Nxf6 12. 0-0 Be7 13. e5 Nd7 14. Ne4 c5 15. dxc5 Nxc5 16. Nxc5 Bxc5 17. Qe2 a6 18. Rac1 0-0 19. Bb1 Rfc8 20. Rcd1 Bd5 21. Qd3 g6 22. b3 Rd8 23. Qe2 Qb7 24. Nh4 Qe7 25. g3 Qb7 26. Qg4 g5 27. Nf5 exf5 28. Qxf5 Bh1 29. Qh7+ Kf8 30. Qxh6+ Ke8 31. Qh8+ Bf8 32. Rxd8+ Rxd8 33. f3 Bxf3 0-1

[Event "FIDE World Cup-D (Women)"]
[Site "Shenyang"]
[Date "2000.09.03"]
[Round "3"]
[White "Xie, Jun"]
[Black "Wang, Lei"]
[Result "1-0"]
[WhiteElo "2568"]
[BlackElo "2498"]
[PlyCount "51"]
[EventDate "2000.09.01"]
[EventType "tourn"]
[EventRounds "5"]
[EventCountry "CHN"]
[EventCategory "8"]
[SourceTitle "CBM 079"]
[Source "ChessBase"]
[SourceDate "2000.11.21"]
[SourceVersion "1"]
[SourceVersionDate "2000.11.21"]
[SourceQuality "1"]

1. e4 c5 2. Nf3 Nc6 3. d4 cxd4 4. Nxd4 Nf6 5. Nc3 d6 6. Bg5 e6 7. Qd2 a6 8. 0-0-0 h6 9. Be3 Be7 10. f4 Nxd4 11. Bxd4 b5 12. Kb1 Bb7 13. Bd3 0-0 14. e5 dxe5 15. fxe5 Nd7 16. Ne4 Bxe4 17. Bxe4 Rb8 18. c3 Qc7 19. Bc2 Rfd8 20. Rhf1 Nc5 21. Rf3 Bf8 22. Rdf1 Rd7 23. g4 a5 24. g5 hxg5 25. Qxg5 b4 26. Bh7+ 1-0

[Event "Quezon City Equitable Card"]
[Site "Quezon City"]
[Date "2000.07.07"]
[Round "8"]
[White "Wang, Lei"]
[Black "Torre, Eugenio"]
[Result "1/2-1/2"]
[WhiteElo "2495"]
[BlackElo "2557"]
[PlyCount "85"]
[EventDate "2000.06.30"]
[EventType "tourn"]
[EventRounds "9"]
[EventCountry "PHI"]
[EventCategory "10"]
[SourceTitle "EXT 2001"]
[Source "ChessBase"]
[SourceDate "2000.11.22"]
[SourceVersion "1"]
[SourceVersionDate "2000.11.22"]
[SourceQuality "1"]

1. d4 Nf6 2. c4 e6 3. Nc3 Bb4 4. Qc2 0-0 5. a3 Bxc3+ 6. Qxc3 b6 7. Bg5 Ba6 8. e3 d6 9. Bd3 Nbd7 10. Ne2 c5 11. Qc2 h6 12. Bh4 Rc8 13. Qa4 cxd4 14. Bxf6 Nc5 15. Bxd8 Nxa4 16. Bh4 Nxb2 17. Nc1 Nxd3+ 18. Nxd3 dxe3 19. fxe3 Rxc4 20. Bg3 Rfc8 21. Nb4 Bb7 22. 0-0 Be4 23. Na2 Rc2 24. Bf2 a5 25. Rfc1 b5 26. h4 g5 27. hxg5 hxg5 28. g3 Kg7 29. Rxc2 Rxc2 30. Be1 Bd5 31. Nc3 Bc6 32. Rb1 b4 33. axb4 axb4 34. Rxb4 Bf3 35. Ne4 Bxe4 36. Rxe4 Kg6 37. Rd4 d5 38. Bb4 Kf5 39. Bd6 Re2 40. g4+ Kg6 41. Rd3 f5 42. Kf1 Rb2 43. gxf5+ 1/2-1/2

[Event "Quezon City Equitable Card"]
[Site "Quezon City"]
[Date "2000.07.04"]
[Round "5"]
[White "Antonio, Rogelio Jr"]
[Black "Wang, Lei"]
[Result "1/2-1/2"]
[WhiteElo "2551"]
[BlackElo "2495"]
[PlyCount "52"]
[EventDate "2000.06.30"]
[EventType "tourn"]
[EventRounds "9"]
[EventCountry "PHI"]
[EventCategory "10"]
[SourceTitle "EXT 2001"]
[Source "ChessBase"]
[SourceDate "2000.11.22"]
[SourceVersion "1"]
[SourceVersionDate "2000.11.22"]
[SourceQuality "1"]

1. e4 c5 2. Nf3 Nc6 3. Bb5 d6 4. 0-0 Bd7 5. c3 Nf6 6. Re1 a6 7. Ba4 b5 8. Bc2 e5 9. h3 Be7 10. a4 0-0 11. d4 Qc7 12. d5 Na5 13. axb5 axb5 14. b3 Nb7 15. Rxa8 Rxa8 16. Nbd2 g6 17. Nf1 Nh5 18. Be3 f6 19. Bb1 Qa5 20. Bd2 c4 21. b4 Qa3 22. g4 Ng7 23. Qc2 Qa4 24. Qb2 Qa3 25. Qc2 Qa4 26. Qb2 Qa3 1/2-1/2

[Event "Quezon City Equitable Card"]
[Site "Quezon City"]
[Date "2000.06.30"]
[Round "1"]
[White "Villamayor, Buenaventura"]
[Black "Wang, Lei"]
[Result "1-0"]
[WhiteElo "2474"]
[BlackElo "2495"]
[PlyCount "115"]
[EventDate "2000.06.30"]
[EventType "tourn"]
[EventRounds "9"]
[EventCountry "PHI"]
[EventCategory "10"]
[SourceTitle "EXT 2001"]
[Source "ChessBase"]
[SourceDate "2000.11.22"]
[SourceVersion "1"]
[SourceVersionDate "2000.11.22"]
[SourceQuality "1"]

1. d4 d5 2. Nf3 c6 3. c4 e6 4. e3 f5 5. Bd3 Nf6 6. Qc2 Ne4 7. b3 Bb4+ 8. Nbd2 Nd7 9. Bb2 0-0 10. Rd1 Ndf6 11. 0-0 Bd7 12. a3 Nxd2 13. Nxd2 Bd6 14. Nf3 Be8 15. Ne5 Bh5 16. f3 Qe7 17. b4 Kh8 18. c5 Bc7 19. a4 a6 20. Bc3 g5 21. Rb1 g4 22. f4 Ne4 23. Bxe4 fxe4 24. Qd2 Rf5 25. b5 Bxe5 26. dxe5 cxb5 27. axb5 Qxc5 28. bxa6 bxa6 29. Bd4 Qe7 30. Rfc1 Be8 31. Qa5 g3 32. hxg3 Qg7 33. Kf2 Rf8 34. Rc7 Qg6 35. Rbb7 Rf7 36. Qc5 h5 37. Re7 a5 38. Qd6 Rxe7 39. Qxe7 Kg8 40. Kg1 Bf7 41. Kh2 a4 42. Bc5 Re8 43. Qd7 Ra8 44. Ba3 Be8 45. Qe7 Bf7 46. Qb4 Kh7 47. Qe7 Kg8 48. Qd7 Be8 49. Qd6 Bf7 50. Rc7 Re8 51. Qd7 Ra8 52. Qc6 Re8 53. Qc3 Ra8 54. Be7 Be8 55. Bf6 a3 56. f5 Qg4 57. Qb4 Bf7 58. Rxf7 1-0

[Event "Sufe Cup"]
[Site "Shanghai"]
[Date "2000.03.13"]
[Round "11"]
[White "Bologan, Viktor"]
[Black "Wang, Lei"]
[Result "1/2-1/2"]
[WhiteElo "2589"]
[BlackElo "2495"]
[PlyCount "125"]
[EventDate "2000.03.03"]
[EventType "tourn"]
[EventRounds "13"]
[EventCountry "CHN"]
[EventCategory "13"]
[SourceTitle "CBM 076"]
[Source "ChessBase"]
[SourceDate "2000.05.31"]
[SourceVersion "1"]
[SourceVersionDate "2000.05.31"]
[SourceQuality "1"]

1. e4 c5 2. Nf3 d6 3. d4 cxd4 4. Nxd4 Nf6 5. Nc3 Nc6 6. Bg5 e6 7. Qd2 a6 8. 0-0-0 h6 9. Be3 Be7 10. f3 Nxd4 11. Bxd4 b5 12. Kb1 Rb8 13. Ba7 Rb7 14. Be3 Qa5 15. g4 b4 16. Ne2 e5 17. Nc1 Be6 18. Nb3 Qc7 19. Bxa6 Rb8 20. c4 bxc3 21. Qxc3 Qxc3 22. bxc3 d5 23. exd5 Nxd5 24. Bd2 0-0 25. Rhe1 Rfd8 26. Kb2 Bf6 27. Re4 Nb6 28. c4 Be7 29. Bb5 f5 30. gxf5 Bxf5 31. a4 Bxe4 32. fxe4 Bb4 33. Kc2 Bxd2 34. Nxd2 g5 35. a5 Na8 36. Bc6 Nc7 37. Bd5+ Kg7 38. Nf3 Re8 39. Kc3 Re7 40. Ne1 Na6 41. Nd3 h5 42. Rg1 g4 43. h3 Kg6 44. hxg4 h4 45. Rf1 h3 46. c5 h2 47. Rh1 Rh8 48. Kc4 Kg5 49. Nb4 Nc7 50. a6 Kxg4 51. Bb7 Nxa6 52. Bxa6 Kg3 53. c6 Kg2 54. Rxh2+ Rxh2 55. Nd5 Re8 56. c7 Kf3 57. c8Q Rxc8+ 58. Bxc8 Kxe4 59. Nf6+ Kf4 60. Nd5+ Kf3 61. Nc3 Rd2 62. Bb7+ Kf4 63. Nd5+ 1/2-1/2

[Event "Sufe Cup"]
[Site "Shanghai"]
[Date "2000.03.04"]
[Round "2"]
[White "Nay, Oo Kyaw Tun"]
[Black "Wang, Lei"]
[Result "1/2-1/2"]
[WhiteElo "2595"]
[BlackElo "2495"]
[PlyCount "34"]
[EventDate "2000.03.03"]
[EventType "tourn"]
[EventRounds "13"]
[EventCountry "CHN"]
[EventCategory "13"]
[SourceTitle "CBM 076"]
[Source "ChessBase"]
[SourceDate "2000.05.31"]
[SourceVersion "1"]
[SourceVersionDate "2000.05.31"]
[SourceQuality "1"]

1. e4 c5 2. c3 d5 3. exd5 Qxd5 4. d4 Nf6 5. Nf3 Bg4 6. Be2 e6 7. Na3 Nc6 8. Be3 cxd4 9. Nb5 Qd8 10. Nbxd4 Nxd4 11. Bxd4 a6 12. Qb3 Qd5 13. c4 Qa5+ 14. Bc3 Qc7 15. Be5 Qa5+ 16. Bc3 Qc7 17. Be5 Qa5+ 1/2-1/2

[Event "Groningen op"]
[Site "Groningen"]
[Date "1999.12.30"]
[Round "11"]
[White "Wang, Lei"]
[Black "Giffard, Nicolas"]
[Result "1-0"]
[WhiteElo "2440"]
[BlackElo "2360"]
[PlyCount "77"]
[EventDate "1999.12.19"]
[EventType "swiss"]
[EventRounds "11"]
[EventCountry "NED"]
[SourceTitle "CBM 073 Extra"]
[Source "ChessBase"]
[SourceDate "2000.01.11"]
[SourceVersion "1"]
[SourceVersionDate "2000.01.11"]
[SourceQuality "1"]

1. d4 Nf6 2. c4 d6 3. Nc3 e5 4. Nf3 Nbd7 5. e4 Be7 6. Be2 0-0 7. 0-0 c6 8. Re1 Re8 9. Bf1 Qc7 10. Rb1 exd4 11. Nxd4 a5 12. a3 Bf8 13. b4 axb4 14. axb4 h6 15. f3 Ne5 16. Be3 Bd7 17. Kh1 Ng6 18. Qc2 Ne7 19. Qf2 Nc8 20. h3 Qd8 21. Nc2 Nh5 22. g4 Nf6 23. Red1 Qe7 24. Rd2 Be6 25. Rbd1 g5 26. Nd4 Bg7 27. Nce2 Nh7 28. Ng3 Be5 29. Ndf5 Bxf5 30. Nxf5 Qe6 31. Bd4 Ne7 32. Bxe5 Nxf5 33. Bb2 Nh4 34. Rxd6 Qe7 35. c5 Ra2 36. Bc4 Rxb2 37. Qxb2 Nxf3 38. Rd7 Qxe4 39. Bxf7+ 1-0